El gesticulador y otras obras de teatro /

Guardat en:
Dades bibliogràfiques
Autor principal: Usigli, Rodolfo (autor)
Format: Llibre
Idioma:espanyol
Publicat: México : Fondo de Cultura Económica : Secretaría de Educación Pública, 1983, c1983
Col·lecció:(Lecturas Mexicanas. Primera Serie ; 5)
Matèries:
Etiquetes: Afegir etiqueta
Sense etiquetes, Sigues el primer a etiquetar aquest registre!

MARC

LEADER 00000nam^a2200000^a^4500
001 000185875
005 20250521000000.0
009 20260310102205.734
020 |a 968-16-1524-7 
037 |a Acervo ITESO - Biblioteca 
041 |a ESP 
082 |a 868.  |b LEC S. 1 V. 5 
100 |a Usigli, Rodolfo  |e (autor) 
240 1 4 |a [El gesticulador] 
240 1 4 |a [El niño y la niebla] 
245 1 3 |a El gesticulador y otras obras de teatro /  |c R. Usigli. 
264 4 |a México :  |b Fondo de Cultura Económica :  |b Secretaría de Educación Pública,  |c 1983, c1983 
300 |a 263 p. 
336 |a texto  |b txt  |2 rdacontenido 
337 |a sin mediación  |b n  |2 rdamedio 
338 |a volumen  |b nc  |2 rdasoporte 
440 1 |a (Lecturas Mexicanas.  |p Primera Serie ;  |v 5) 
545 0 |a Rodolfo Usigli (1905-1979), dramaturgo, novelista y crítico teatral mexicano, considerado el padre del teatro moderno mexicano. Involucrado en diversas facetas de la producción teatral (como escritor, director, crítico y promotor), renovó las artes escénicas en México, dejando huella en generaciones posteriores. Autor activo en la época en que el México posrevolucionario buscaba su identidad, sus dramas están ligados profundamente con la realidad nacional y expresan la búsqueda del carácter del mexicano; Usigli sostenía que la función del teatro era decir la verdad sobre la sociedad. Nacido en la Ciudad de México, realizó estudios en el Conservatorio Nacional y en la Escuela de Arte Dramático de la Universidad de Yale; fue profesor, entre 1933 a 1947, y director de Cursos de Teatro de la UNAM. Se desempeñó como diplomático y agregado cultural en Francia, y embajador en Líbano y Noruega. Entre otros reconocimientos, recibió los premios América en 1970 y el Nacional de Letras en 1972. Algunas de sus obras, en teatro, son: Quatre chemins (1929); El apóstol (1930); Falso drama (1932); Noche de estío (1933); El gesticulador (1937); La función de despedida (1949); su trilogía Corona de Sombra (1943); Corona de fuego (1960) y Corona de luz (1964); El gran circo del mundo (1969) y Buenos días señor presidente (1972); el poemario Conversación desesperada (1938); las novelas Ensayo de un crimen (1944) y Obliteración (1971); y ensayos sobre teatro. 
649 |a XX 
650 |a Teatro Mexicano 
650 |a Literatura Mexicana -  |y Siglo XX 
740 3 |a El niño y la niebla /  |c R. Usigli. 
740 0 |a Jano es una muchacha /  |c R. Usigli. 
910 |a Fondo General 
920 |a Impresos - Libros 
930 |a Colección General 
940 |a Literatura 
905 |a 101 
901 |a 0500127101  |b IT1  |c LIT  |u 20250521 
902 |a https://opac.biblio.iteso.mx/vufind/Record/000185875